Perbandingan preferen stail belajar di kalangan pelajar pencapaian tinggi dan rendah dalam mata pelajaran fizik /
Saved in:
| Main Author: | |
|---|---|
| Format: | Thesis Book |
| Language: | Malay |
| Published: |
2003.
|
| Subjects: | |
| Tags: |
Add Tag
No Tags, Be the first to tag this record!
|
| LEADER | 00904cam a2200229 a 4500 | ||
|---|---|---|---|
| 001 | u712656 | ||
| 003 | SIRSI | ||
| 008 | 050928s2003 my t 000 0 may m | ||
| 040 | |a UMM | ||
| 043 | |a a--my--- | ||
| 090 | |a LB7 |b UM 2003 Nabb | ||
| 100 | 0 | 0 | |a Nabihah Badar |
| 245 | 1 | 0 | |a Perbandingan preferen stail belajar di kalangan pelajar pencapaian tinggi dan rendah dalam mata pelajaran fizik / |c Nabihah bt Badar. |
| 260 | |c 2003. | ||
| 300 | |a x, 84, [8] leaves : |b ill. ; |c 30 cm. | ||
| 502 | |a Dissertation (M.Ed.) -- Fakulti Pendidikan, Universiti Malaya, 2004. | ||
| 504 | |a Bibliography: leaves 79-84. | ||
| 650 | 0 | |a Physics |x Study and teaching (Secondary) |z Malaysia. | |
| 650 | 0 | |a Learning strategies |z Malaysia. | |
| 710 | 2 | 0 | |a Universiti Malaya. |b Fakulti Pendidikan. |
| 596 | |a 1 | ||
| 999 | |a LB7 UM 2003 NABB |w LC |c 1 |i A511938460 |d 12/12/2015 |e 9/12/2015 |f 18/10/2005 |g 1 |l STACKS |m P01UTAMA |n 24 |r Y |s Y |t TESIS |u 14/10/2005 | ||
